[Event "Bahamas National Chess Open 2011"]
[Site "Nassau BAH"]
[Date "2011.04.15"]
[Round "1"]
[White "Robinson, Hatchie"]
[Black "Scott, Robert"]
[Result "1-0"]
[WhiteElo "1777"]
[BlackElo "1400"]
[EventDate "2011.04.15"]
[PlyCount "55"]
[EventRounds "4"]

1.d4 Nf6 2.c4 Nc6 3.Nc3 e5 4.d5 Ne7 5.e4 Ng6 6.Nf3 Bb4 7.Bd3 O-O 8.Qc2 d6 
9.O-O Bg4 10.Be2 Bxc3 11.bxc3 Nd7 12.Be3 f5 13.exf5 Bxf5 14.Bd3 Bxd3 15.
Qxd3 Nf4 16.Qc2 h6 17.g3 Nh5 18.Qe2 Nhf6 19.Nh4 g5 20.Nf5 Kh7 21.Qd3 e4 
22.Qd1 Ne5 23.Nd4 Nxc4 24.Ne6 Nxe3 25.fxe3 Qe7 26.Nxf8+ Rxf8 27.Qd4 Ng4 
28.Rxf8 1-0

[Event "Bahamas National Chess Open 2011"]
[Site "Nassau BAH"]
[Date "2011.04.15"]
[Round "1"]
[White "White, Andre"]
[Black "Shabazz, Daaim"]
[Result "0-1"]
[WhiteElo "1786"]
[BlackElo "2083"]
[EventDate "2011.04.15"]
[PlyCount "82"]
[EventRounds "4"]

1.d4 c5 2.c3 Nf6 3.Bf4 e6 4.Nf3 Nc6 5.e3 a6 6.a4 Be7 7.h3 O-O 8.Bd3 b6 9.
Nbd2 Bb7 10.O-O d6 11.e4 e5 12.d5 exf4 13.dxc6 Bxc6 14.Qe2 Bb7 15.Rfd1 Qc7
16.b4 Nd7 17.Bc4 Ne5 18.Bd5 Bf6 19.Rac1 Bxd5 20.exd5 g6 21.Ne4 Bg7 22.Nfd2
Rfe8 23.Nc4 Nxc4 24.Qxc4 b5 25.axb5 axb5 26.Qd3 c4 27.Qc2 h6 28.Re1 Qd7 
29.Rcd1 Be5 30.Kh1 f3 31.Ng3 Ra3 32.Re3 Bxg3 33.Rxe8+ Qxe8 34.fxg3 Qe3 35.
Rc1 Qe5 36.Qb2 Qxg3 37.Rf1 fxg2+ 38.Qxg2 Rxc3 39.Qxg3 Rxg3 40.Kh2 Rd3 41.
Rf6 Rxd5 0-1

[Event "Bahamas National Chess Open 2011"]
[Site "Nassau BAH"]
[Date "2011.04.15"]
[Round "1"]
[White "Duncombe, Charles"]
[Black "Major, Wilshire"]
[Result "1-0"]
[WhiteElo "1698"]
[BlackElo "1385"]
[EventDate "2011.04.15"]
[PlyCount "97"]
[EventRounds "4"]

1.d4 e5 2.dxe5 Nc6 3.Nf3 Qe7 4.e4 Qc5 5.Nc3 Qa5 6.Qd5 Bb4 7.Bd2 Nge7 8.
Qxa5 Bxa5 9.Nd5 Nxd5 10.exd5 Nb4 11.Bxb4 Bxb4+ 12.c3 Be7 13.Bb5 a6 14.Ba4 
b5 15.Bb3 d6 16.O-O dxe5 17.Nxe5 Bd6 18.Nc6 Bf5 19.Rfe1+ Kf8 20.Bd1 g5 21.
g3 Bd3 22.Re3 Bf5 23.Bf3 g4 24.Bg2 Rg8 25.b4 Re8 26.Rxe8+ Kxe8 27.a4 Bd3 
28.axb5 Bxb5 29.Nb8 Be5 30.Re1 f6 31.Nc6 Rg5 32.Nxe5 Rxe5 33.Rxe5+ fxe5 
34.f3 h5 35.Kf2 Bc4 36.fxg4 hxg4 37.Ke3 Kd7 38.h4 gxh3 39.Bxh3+ Kd6 40.Be6
Bxd5 41.Bxd5 Kxd5 42.g4 Ke6 43.Ke4 Kf6 44.c4 c6 45.c5 Ke6 46.g5 Kf7 47.
Kxe5 Kg6 48.Kd6 Kxg5 49.Kxc6 1-0

[Event "Bahamas National Chess Open 2011"]
[Site "Nassau BAH"]
[Date "2011.04.15"]
[Round "1"]
[White "Knowles, Kendrick"]
[Black "Whyms, Chappel"]
[Result "0-1"]
[WhiteElo "1400"]
[BlackElo "1647"]
[EventDate "2011.04.15"]
[PlyCount "78"]
[EventRounds "4"]

1.d4 Nf6 2.c4 e6 3.Nc3 Bb4 4.Nf3 O-O 5.Bg5 h6 6.Bd2 d5 7.e3 Re8 8.Bd3 c6 
9.a3 Be7 10.O-O dxc4 11.Bxc4 b5 12.Bd3 Bb7 13.b4 Nbd7 14.Rc1 a6 15.Qc2 Nb6
16.e4 Kh8 17.Be3 a5 18.Ne5 Kg8 19.bxa5 Rxa5 20.Nb1 Qa8 21.Nxc6 Bxc6 22.
Qxc6 Qxc6 23.Rxc6 Nc4 24.Bxc4 bxc4 25.Rxc4 Nxe4 26.a4 Rea8 27.f3 Nf6 28.
Nc3 Nd5 29.Nxd5 exd5 30.Rc7 Bf8 31.Rd7 R8a7 32.Rd8 Ra8 33.Rxa8 Rxa8 34.Ra1
Bb4 35.a5 Rxa5 36.Rxa5 Bxa5 37.Kf1 Kf8 38.Kf2 Ke7 39.Kg3 Kf6 0-1

[Event "Bahamas National Chess Open 2011"]
[Site "Nassau BAH"]
[Date "2011.04.15"]
[Round "1"]
[White "Lyansky, Yan"]
[Black "Rollins, Seth"]
[Result "1-0"]
[WhiteElo "1808"]
[BlackElo "1645"]
[EventDate "2011.04.15"]
[PlyCount "45"]

1.e4 e5 2.Nc3 Nf6 3.Bc4 Nc6 4.d3 Bc5 5.f4 d6 6.Na4 Bg4 7.Nf3 Nd4 8.Nxc5 
dxc5 9.fxe5 Nh5 10.Bxf7+ Kxf7 11.Ng5+ Kg6 12.Qxg4 Nxc2+ 13.Kd2 Qxg5+ 14.
Qxg5+ Kxg5 15.Kxc2+ Kg4 16.Be3 b6 17.Rhf1 Rae8 18.Rf5 h6 19.h3+ Kh4 20.
Bf2+ Ng3 21.Rf3 Ref8 22.Bxg3+ Kh5 23.Raf1 1-0

[Event "Bahamas National Chess Open 2011"]
[Site "Nassau BAH"]
[Date "2011.04.15"]
[Round "1"]
[White "Newry, Umar"]
[Black "Small, Byron"]
[Result "0-1"]
[WhiteElo "1458"]
[BlackElo "1790"]
[EventDate "2011.04.15"]
[PlyCount "64"]

1.e4 e5 2.Bc4 Nf6 3.d3 Bc5 4.Bg5 d6 5.Nd2 Bxf2+ 6.Kf1 Bb6 7.Qe2 h6 8.Bh4 
O-O 9.Ngf3 c6 10.a3 Be6 11.Ke1 d5 12.exd5 cxd5 13.Bb3 Nbd7 14.Kf1 Bc7 15.
Kf2 Ng4+ 16.Ke1 g5 17.h3 gxh4 18.hxg4 e4 19.Qe3 Bg3+ 20.Kf1 exf3 21.Qxh6 
fxg2+ 22.Kxg2 Ne5 23.Nf3 Nxf3 24.Kxf3 d4 25.Raf1 Bxb3 26.cxb3 Qd5+ 27.Ke2 
Rac8 28.Rf5 Qg2+ 29.Rf2 Qxf2+ 30.Kd1 Qf3+ 31.Kd2 Bf4+ 32.Qxf4 Qxf4+ 0-1

[Event "Bahamas National Chess Open 2011"]
[Site "Nassau BAH"]
[Date "2011.04.15"]
[Round "1"]
[White "Major, Polina"]
[Black "Joseph, Elton"]
[Result "1-0"]
[WhiteElo "1675"]
[BlackElo "1927"]
[EventDate "2011.04.15"]
[PlyCount "51"]

1.Nf3 g6 2.e4 Bg7 3.d4 c5 4.Nc3 cxd4 5.Nxd4 a6 6.Be2 d6 7.O-O Nf6 8.Be3 
O-O 9.Qd2 Qc7 10.a3 Nc6 11.Nf3 Bg4 12.h3 Bxf3 13.Bxf3 Ne5 14.Qe2 Nc4 15.b3
Ne5 16.Nd5 Nxd5 17.exd5 Nxf3+ 18.Qxf3 Bxa1 19.Rxa1 Qxc2 20.Bh6 Rfe8 21.Rc1
Qf5 22.Qc3 Qe5 23.Qf3 Rec8 24.Rd1 Rc3 25.Qg4 Rac8 26.Bf4 1-0

[Event "Bahamas National Chess Open 2011"]
[Site "Nassau BAH"]
[Date "2011.04.15"]
[Round "1"]
[White "Gibson, Ken"]
[Black "McDonald, Tamiko"]
[Result "1/2-1/2"]
[WhiteElo "1895"]
[BlackElo "1529"]
[EventDate "2011.04.15"]
[PlyCount "93"]
[EventRounds "4"]

1.e4 d5 2.exd5 Qxd5 3.Nf3 Nf6 4.Nc3 Qd8 5.Bc4 Bf5 6.O-O e6 7.d4 c6 8.Re1 
Bb4 9.Nh4 Bg4 10.f3 Bh5 11.Nf5 O-O 12.Ng3 Bxc3 13.bxc3 Bg6 14.Bg5 h6 15.
Bh4 Nbd7 16.Bd3 Bxd3 17.cxd3 g5 18.Qd2 gxh4 19.Ne4 Nxe4 20.Rxe4 Qg5 21.Rg4
f6 22.Qe1 Kf7 23.Rxg5 hxg5 24.f4 Rae8 25.fxg5 fxg5 26.Qe4 Kg7 27.Rb1 Rf4 
28.Qe3 Re7 29.Rxb7 Ref7 30.g3 hxg3 31.hxg3 R4f5 32.Qxe6 g4 33.Qe2 Kf8 34.
Rxa7 Rf3 35.Ra8+ Kg7 36.Kg2 Nb6 37.Qe5+ R3f6 38.Qg5+ Rg6 39.Rg8+ Kxg8 40.
Qxg6+ Kf8 41.Qxc6 Nd7 42.Qh6+ Rg7 43.c4 Kg8 44.c5 Nf8 45.d5 Rg6 46.Qxg6+ 
Nxg6 47.c6 1/2-1/2

[Event "Bahamas National Chess Open 2011"]
[Site "Nassau BAH"]
[Date "2011.04.16"]
[Round "2"]
[White "McDonald, Tamiko"]
[Black "Newry, Umar"]
[Result "1-0"]
[WhiteElo "1529"]
[BlackElo "1458"]
[EventDate "2011.04.15"]
[PlyCount "103"]

1.d4 d5 2.c4 Nc6 3.cxd5 Qxd5 4.Nf3 Nf6 5.Nc3 Qd8 6.e4 g6 7.d5 Nb8 8.e5 Ng4
9.h3 Nh6 10.Bf4 e6 11.Bg5 Qd7 12.Bf6 Rg8 13.a3 Bg7 14.Ne4 Qxd5 15.Bd3 Nd7 
16.O-O Bxf6 17.exf6 Ne5 18.Nxe5 Qxe5 19.Qc1 Nf5 20.Re1 c6 21.Qc3 Qxc3 22.
bxc3 Bd7 23.g4 Nh4 24.Nd6+ Kf8 25.Re3 Rb8 26.Rb1 b5 27.a4 a6 28.axb5 axb5 
29.Be4 h5 30.c4 b4 31.c5 Nf5 32.gxf5 gxf5+ 33.Bg2 Rg6 34.Reb3 Rxf6 35.Rxb4
Rxb4 36.Rxb4 Ke7 37.f4 Rg6 38.Kf2 Kf6 39.Rb7 e5 40.Rxd7 Ke6 41.Rxf7 Rf6 
42.Rxf6+ Kxf6 43.Bxc6 exf4 44.Bd7 Ke5 45.Nxf5 Kd5 46.c6 Ke5 47.c7 Ke4 48.
c8=Q Kd3 49.Bb5+ Kd2 50.Qc4 f3 51.Nd4 h4 52.Qd3+ 1-0

[Event "Bahamas National Chess Open 2011"]
[Site "Nassau BAH"]
[Date "2011.04.16"]
[Round "2"]
[White "Small, Byron"]
[Black "Lyansky, Yan"]
[Result "1/2-1/2"]
[WhiteElo "1790"]
[BlackElo "1808"]
[EventDate "2011.04.15"]
[PlyCount "76"]

1.e4 e6 2.d4 d5 3.Nc3 Nf6 4.e5 Nfd7 5.Be3 c5 6.f4 Nc6 7.Nf3 Be7 8.Bd3 cxd4
9.Nxd4 Nc5 10.Be2 Bd7 11.a3 O-O 12.O-O f6 13.b4 Nxd4 14.Bxd4 Na4 15.Rf3 f5
16.Rh3 Nxc3 17.Bxc3 Rc8 18.Bd2 Qb6+ 19.Be3 Qc7 20.Rc1 a5 21.c3 Qb8 22.Bd3 
axb4 23.axb4 Qa8 24.Qh5 h6 25.Qg6 Kh8 26.g4 Rc6 27.b5 Rc7 28.g5 Qe8 29.
Rxh6+ gxh6 30.Qxh6+ Kg8 31.g6 Rf7 32.gxf7+ Qxf7 33.Kf2 Qh7 34.Rg1+ Kh8 35.
Qxh7+ Kxh7 36.Bd4 Bc5 37.Ra1 b6 38.Ra6 Kg7 1/2-1/2

[Event "Bahamas National Chess Open 2011"]
[Site "Nassau BAH"]
[Date "2011.04.16"]
[Round "2"]
[White "Rollins, Seth"]
[Black "White, Andre"]
[Result "0-1"]
[WhiteElo "1645"]
[BlackElo "1786"]
[EventDate "2011.04.15"]
[PlyCount "54"]

1.e4 e6 2.d4 d5 3.e5 c5 4.Be3 cxd4 5.Bxd4 Nc6 6.Bb5 Bd7 7.Nf3 Nxd4 8.Nxd4 
Bxb5 9.Nxb5 Qb6 10.N1c3 a6 11.Qd3 axb5 12.Qxb5+ Qxb5 13.Nxb5 Rc8 14.Rc1 
Bc5 15.O-O Ne7 16.c4 O-O 17.a3 Ng6 18.b4 Be7 19.Rfe1 Rxc4 20.Rxc4 dxc4 21.
Re4 Rc8 22.Na7 Rd8 23.g3 c3 24.Re2 Nxe5 25.Nb5 Rd2 26.Nxc3 Rxe2 27.Nxe2 
Nc4 0-1

[Event "Bahamas National Chess Open 2011"]
[Site "Nassau BAH"]
[Date "2011.04.16"]
[Round "2"]
[White "Joseph, Elton"]
[Black "Robinson, Hatchie"]
[Result "1-0"]
[WhiteElo "1809"]
[BlackElo "1777"]
[EventDate "2011.04.15"]
[PlyCount "27"]

1.g3 Nf6 2.Bg2 d6 3.c4 Nbd7 4.Nf3 g6 5.b3 Bg7 6.Bb2 O-O 7.O-O c5 8.Qc2 Qb6
9.d3 a6 10.Nbd2 Rb8 11.Rfd1 Qc7 12.a4 b6 13.d4 Bb7 14.d5 1-0

[Event "Bahamas National Chess Open 2011"]
[Site "Nassau BAH"]
[Date "2011.04.16"]
[Round "2"]
[White "Shabazz, Daaim"]
[Black "Duncombe, Charles"]
[Result "1-0"]
[WhiteElo "2083"]
[BlackElo "1698"]
[EventDate "2011.04.15"]
[PlyCount "67"]

1.e4 d5 2.Nc3 dxe4 3.Nxe4 e5 4.Bc4 f5 5.Bxg8 Qh4 6.Bd5 c6 7.g3 Qd8 8.Bb3 
fxe4 9.Qh5+ Kd7 10.Qxe5 Qe7 11.Qc3 Qf6 12.Ne2 Bd6 13.Qxf6 gxf6 14.Nc3 Kc7 
15.O-O Bh3 16.Re1 f5 17.d4 Nd7 18.Ne2 h5 19.Nf4 Bg4 20.h4 Bxf4 21.Bxf4+ 
Kb6 22.a4 a6 23.a5+ Ka7 24.Be6 Nf6 25.c4 Rad8 26.Bg5 Rdf8 27.d5 cxd5 28.
cxd5 Ne8 29.Be7 Nf6 30.Bxf8 Rxf8 31.Rac1 Rd8 32.Rc5 f4 33.Bxg4 Nxg4 34.
Rxe4 1-0

[Event "Bahamas National Chess Open 2011"]
[Site "Nassau BAH"]
[Date "2011.04.16"]
[Round "2"]
[White "Whyms, Chappel"]
[Black "Gibson, Ken"]
[Result "1-0"]
[WhiteElo "1647"]
[BlackElo "1895"]
[EventDate "2011.04.15"]
[PlyCount "86"]

1.d4 Nf6 2.c4 e6 3.Nc3 d5 4.cxd5 exd5 5.Bg5 Be7 6.e3 c6 7.Bd3 h6 8.Bh4 
Nbd7 9.Nge2 Qc7 10.Qc2 Qb8 11.f3 Bd6 12.Bg3 O-O 13.O-O Nh5 14.Bxd6 Qxd6 
15.e4 Nf4 16.e5 Nxe2+ 17.Nxe2 Qb4 18.a3 Qb6 19.b4 Nxe5 20.Kh1 Nxd3 21.Qxd3
Re8 22.Ng3 Bd7 23.Rae1 a5 24.Rb1 Qb5 25.Qxb5 cxb5 26.Kg1 axb4 27.axb4 Ra2 
28.Rf2 Rea8 29.Rfb2 g6 30.Kf2 R8a4 31.Ke3 R2a3+ 32.Kf4 f6 33.Ne2 g5+ 34.
Kg3 f5 35.Rc1 Bc6 36.Rc3 Rxc3 37.Nxc3 Ra3 38.Ne2 Rd3 39.Kf2 f4 40.g3 fxg3+
41.hxg3 Kf7 42.Rb1 Rd2 43.Ke3 Ra2 1-0

[Event "Bahamas National Chess Open 2011"]
[Site "Nassau BAH"]
[Date "2011.04.16"]
[Round "3"]
[White "Duncombe, Charles"]
[Black "White, Andre"]
[Result "1-0"]
[WhiteElo "1698"]
[BlackElo "1786"]
[EventDate "2011.04.15"]
[PlyCount "87"]

1.d4 d5 2.Bf4 Nf6 3.e3 Bf5 4.Nf3 e6 5.c4 c6 6.Qb3 dxc4 7.Qxb7 Nbd7 8.Bxc4 
Be4 9.Nbd2 Bd5 10.O-O Be7 11.h3 O-O 12.Qb3 c5 13.Bxd5 Nxd5 14.Bg3 Qb6 15.
Qxb6 N7xb6 16.dxc5 Bxc5 17.Ne4 Be7 18.Bd6 Rfd8 19.Bxe7 Nxe7 20.Rfd1 Rxd1+ 
21.Rxd1 Rc8 22.b3 h6 23.Rd2 Ned5 24.Nd4 Nc3 25.Nxc3 Rxc3 26.Rc2 Rxc2 27.
Nxc2 Kf8 28.Kf1 Ke7 29.Ke2 Kd6 30.Kd2 Nd5 31.Nd4 a6 32.a3 f5 33.Ne2 h5 34.
Nf4 Nxf4 35.exf4 Kd5 36.Kd3 Kc5 37.Kc3 a5 38.b4+ axb4+ 39.axb4+ Kd5 40.Kd3
g6 41.Kc3 e5 42.fxe5 Kxe5 43.b5 Kd6 44.Kd4 1-0

[Event "Bahamas National Chess Open 2011"]
[Site "Nassau BAH"]
[Date "2011.04.16"]
[Round "3"]
[White "Robinson, Hatchie"]
[Black "Gibson, Ken"]
[Result "1-0"]
[WhiteElo "1777"]
[BlackElo "1895"]
[EventDate "2011.04.15"]
[PlyCount "28"]

1.d4 Nf6 2.c4 g6 3.Nc3 Bg7 4.Nf3 d6 5.e3 O-O 6.Be2 e6 7.O-O d5 8.b3 c5 9.
Bb2 b6 10.Qd2 Bb7 11.Rad1 Qc7 12.h3 Rd8 13.Nb5 Qe7 14.a4 Nc6 1-0

[Event "Bahamas National Chess Open 2011"]
[Site "Nassau BAH"]
[Date "2011.04.16"]
[Round "3"]
[White "Newry, Umar"]
[Black "Rollins, Seth"]
[Result "1-0"]
[WhiteElo "1458"]
[BlackElo "1645"]
[EventDate "2011.04.15"]
[PlyCount "37"]

1.d4 d5 2.Nc3 Nf6 3.Bf4 Bf5 4.e3 e6 5.Nb5 Na6 6.Nf3 c6 7.Nc3 Qa5 8.a3 Ne4 
9.Be2 Be7 10.O-O O-O 11.b4 Qd8 12.Nxe4 dxe4 13.Ne5 Rc8 14.Bxa6 bxa6 15.c4 
Bg5 16.Qa4 Bxf4 17.exf4 Qb6 18.Nd7 Qxd4 19.Nxf8 1-0

[Event "Bahamas National Chess Open 2011"]
[Site "Nassau BAH"]
[Date "2011.04.16"]
[Round "3"]
[White "Major, Wilshire"]
[Black "Scott, Robert"]
[Result "0-1"]
[WhiteElo "1385"]
[BlackElo "1400"]
[EventDate "2011.04.15"]
[PlyCount "40"]

1.d4 Nc6 2.d5 Ne5 3.f4 Ng6 4.e4 e5 5.Nf3 exf4 6.Bc4 Nf6 7.Nc3 Bb4 8.Qe2 
Qe7 9.e5 Bxc3+ 10.bxc3 Ng4 11.Nd4 Qh4+ 12.g3 fxg3 13.Nf5 g2+ 14.Nxh4 
gxh1=Q+ 15.Kd2 Qxh2 16.Ng2 N6xe5 17.Ba3 Qh6+ 18.Ne3 Nxc4+ 19.Qxc4 Qxe3+ 
20.Kd1 Nf2# 0-1

[Event "Bahamas National Chess Open 2011"]
[Site "Nassau BAH"]
[Date "2011.04.16"]
[Round "3"]
[White "Major, Polina"]
[Black "Knowles, Kendrick"]
[Result "0-1"]
[WhiteElo "1675"]
[BlackElo "1400"]
[EventDate "2011.04.15"]
[PlyCount "64"]

1.Nf3 e6 2.g3 Nf6 3.Bg2 Nc6 4.O-O d6 5.Nc3 Be7 6.e4 e5 7.d3 Be6 8.Be3 Qd7 
9.Qd2 Bh3 10.Rfe1 Bxg2 11.Kxg2 O-O-O 12.Ng5 Rdf8 13.Nf3 h5 14.h4 Ng4 15.
Nh2 Nxe3+ 16.Qxe3 Nd4 17.Qd2 f5 18.Nd5 Bd8 19.c3 Nc6 20.b4 fxe4 21.dxe4 
Ne7 22.Qe3 c6 23.Nxe7+ Bxe7 24.Qxa7 Kc7 25.Nf3 Qg4 26.Qe3 Rf7 27.Ng5 Bxg5 
28.hxg5 h4 29.Rh1 h3+ 30.Kg1 Rf3 31.Qd2 Rhf8 32.Rf1 Rxg3+ 0-1

[Event "Bahamas National Chess Open 2011"]
[Site "Nassau BAH"]
[Date "2011.04.16"]
[Round "3"]
[White "McDonald, Tamiko"]
[Black "Small, Byron"]
[Result "0-1"]
[WhiteElo "1529"]
[BlackElo "1790"]
[EventDate "2011.04.15"]
[PlyCount "56"]

1.c4 e5 2.Nc3 Nf6 3.g3 Bc5 4.Bg2 c6 5.a3 a5 6.Qc2 d5 7.d3 Bf5 8.cxd5 cxd5 
9.Nxd5 Bxf2+ 10.Kxf2 Nxd5 11.e4 Qb6+ 12.Ke2 Bg4+ 13.Nf3 Nc6 14.Qa4 O-O 15.
exd5 Nd4+ 16.Ke1 Nxf3+ 17.Kf1 Nd4 18.Be3 Be2+ 19.Kf2 Bxd3 20.Bxd4 exd4 21.
b4 Qf6+ 22.Kg1 Rfe8 23.h3 Qg5 24.bxa5 Qxg3 25.Qxd4 Re2 26.Rh2 Re1+ 27.Rxe1
Qxe1+ 28.Bf1 Qxf1# 0-1

[Event "Bahamas National Chess Open 2011"]
[Site "Nassau BAH"]
[Date "2011.04.16"]
[Round "3"]
[White "Lyansky, Yan"]
[Black "Joseph, Elton"]
[Result "1-0"]
[WhiteElo "1808"]
[BlackElo "1809"]
[EventDate "2011.04.15"]
[PlyCount "81"]

1.e4 g6 2.Nc3 Bg7 3.g3 Nc6 4.Bg2 e5 5.d3 Nge7 6.f4 d6 7.Nf3 h6 8.O-O Bg4 
9.h3 Bxf3 10.Qxf3 Nd4 11.Qf2 Qd7 12.fxe5 Nec6 13.exd6 cxd6 14.Nd5 Ne5 15.
c3 Nxd3 16.Qd2 Nxc1 17.cxd4 Bxd4+ 18.Kh2 Nd3 19.Qxd3 Bxb2 20.Nf6+ Bxf6 21.
Rxf6 Ke7 22.Raf1 Rhf8 23.Qd5 Ke8 24.Rxd6 Rd8 25.Rxd7 Rxd7 26.Qe5+ Kd8 27.
Qb8+ Ke7 28.Qxa7 Rc8 29.Qf2 Ke8 30.Qf6 Rc6 31.Qh8+ Ke7 32.Qxh6 Rdd6 33.e5 
Re6 34.Bxc6 Rxc6 35.Qf4 Rc2+ 36.Rf2 Rc6 37.Qxf7+ Kd8 38.Qxb7 Rc7 39.Rf8+ 
Ke7 40.Qxc7+ Kxf8 41.e6 1-0

[Event "Bahamas National Chess Open 2011"]
[Site "Nassau BAH"]
[Date "2011.04.16"]
[Round "3"]
[White "Whyms, Chappel"]
[Black "Shabazz, Daaim"]
[Result "0-1"]
[WhiteElo "1647"]
[BlackElo "2083"]
[EventDate "2011.04.15"]
[PlyCount "56"]

1.d4 c5 2.d5 Nf6 3.c4 b5 4.Nc3 b4 5.Nb1 g6 6.b3 Bg7 7.Bb2 O-O 8.Nd2 e6 9.
e4 exd5 10.cxd5 Re8 11.f3 Nxe4 12.fxe4 Bxb2 13.Ngf3 Bxa1 14.Qxa1 d6 15.Bd3
Nd7 16.Nc4 Nf6 17.Ng5 Nxe4 18.Nxe4 f5 19.O-O fxe4 20.Be2 Rf8 21.Ne3 Rxf1+ 
22.Qxf1 Qg5 23.Nc4 Qe7 24.Qf4 Ba6 25.Qxd6 Qxd6 26.Nxd6 Bxe2 27.Nxe4 c4 28.
bxc4 Bxc4 0-1

[Event "Bahamas National Chess Open 2011"]
[Site "Nassau BAH"]
[Date "2011.04.17"]
[Round "4"]
[White "Joseph, Elton"]
[Black "Whyms, Chappel"]
[Result "0-1"]
[WhiteElo "1809"]
[BlackElo "1647"]
[EventDate "2011.04.15"]
[PlyCount "89"]

1.g3 e5 2.d3 d6 3.Bg2 Nf6 4.Nf3 Nbd7 5.Nc3 c6 6.O-O Be7 7.e4 O-O 8.d4 Re8 
9.Re1 a6 10.Qd3 h6 11.Be3 b5 12.a3 Bb7 13.Rad1 Qc7 14.dxe5 dxe5 15.b4 Rad8
16.Qe2 Bf8 17.Rd3 c5 18.Na2 Bxe4 19.Rd2 cxb4 20.Nxb4 a5 21.Na2 Qc6 22.c4 
b4 23.axb4 axb4 24.Red1 Qa8 25.c5 b3 26.Nc3 Nxc5 27.Rxd8 Rxd8 28.Rxd8 Qxd8
29.Bxc5 Bxf3 30.Bxf3 Bxc5 31.Qxe5 Qd4 32.Qxd4 Bxd4 33.Nb1 Kf8 34.Kf1 Ke7 
35.Ke2 Kd6 36.Kd3 Kc5 37.Nd2 Bxf2 38.Nxb3+ Kd6 39.Nd2 h5 40.Ke2 Bg1 41.h3 
g6 42.Kf1 Ba7 43.Ke2 Ke6 44.Bb7 h4 45.Nf3 0-1

[Event "Bahamas National Chess Open 2011"]
[Site "Nassau BAH"]
[Date "2011.04.17"]
[Round "4"]
[White "Small, Byron"]
[Black "Robinson, Hatchie"]
[Result "1/2-1/2"]
[WhiteElo "1790"]
[BlackElo "1777"]
[EventDate "2011.04.15"]
[PlyCount "90"]

1.e4 Nf6 2.e5 Nd5 3.Nf3 d6 4.Bc4 e6 5.d4 Nb6 6.Bd3 g6 7.Bg5 Be7 8.Bh6 Nc6 
9.Nc3 dxe5 10.dxe5 Nb4 11.O-O Nxd3 12.cxd3 Nd5 13.Ne4 f5 14.Nc3 c6 15.a3 
Qb6 16.Qc2 Bd7 17.Rfe1 Qd8 18.Na4 g5 19.Nc5 Bc8 20.Nd4 Kf7 21.h4 gxh4 22.
Nf3 Rg8 23.d4 h3 24.g3 Rg6 25.Qd2 Qg8 26.Kh2 b6 27.Nd3 Bf8 28.Ng5+ Ke8 29.
Bxf8 Rxg5 30.Bh6 Rh5 31.Nf4 Nxf4 32.Bxf4 Rh4 33.Rg1 Rg4 34.Kxh3 Bb7 35.f3 
c5 36.Kg2 Rd8 37.Kf2 Rxd4 38.Qe2 Rg7 39.Rad1 Rgd7 40.Qb5 Ke7 41.Rxd4 Rxd4 
42.Be3 Rd5 43.b4 cxb4 44.Qxb4+ Kf7 45.Qc3 Qd8 1/2-1/2

[Event "Bahamas National Chess Open 2011"]
[Site "Nassau BAH"]
[Date "2011.04.17"]
[Round "4"]
[White "Scott, Robert"]
[Black "Duncombe, Charles"]
[Result "0-1"]
[WhiteElo "1400"]
[BlackElo "1698"]
[EventDate "2011.04.15"]
[PlyCount "49"]

1.c4 f5 2.g3 Nf6 3.Bg2 e6 4.Nf3 c6 5.d3 d5 6.O-O Bd6 7.e4 fxe4 8.dxe4 Nxe4
9.cxd5 exd5 10.Re1 O-O 11.Nbd2 Nf6 12.Qb3 Re8 13.Rxe8+ Qxe8 14.Nf1 Nbd7 
15.Bd2 Nc5 16.Qc2 Qe4 17.Qxe4 Ncxe4 18.h3 Nxd2 19.N1xd2 Bd7 20.Re1 Re8 21.
Rxe8+ Bxe8 22.Kf1 h6 23.Nd4 Be5 24.N2f3 Bxd4 25.Nxd4 0-1

[Event "Bahamas National Chess Open 2011"]
[Site "Nassau BAH"]
[Date "2011.04.17"]
[Round "4"]
[White "White, Andre"]
[Black "McDonald, Tamiko"]
[Result "0-1"]
[WhiteElo "1786"]
[BlackElo "1529"]
[EventDate "2011.04.15"]
[PlyCount "84"]

1.d4 d5 2.Nf3 Bf5 3.Bf4 h6 4.e3 Nf6 5.h3 e6 6.Bd3 Ne4 7.Nbd2 Bd6 8.Bxd6 
Qxd6 9.Bxe4 dxe4 10.Ne5 Nd7 11.Nxd7 Qxd7 12.O-O h5 13.c4 g5 14.Qc2 Qc6 15.
b4 a6 16.a4 b6 17.b5 axb5 18.axb5 Qb7 19.Ra4 O-O 20.Rfa1 g4 21.h4 g3 22.
fxg3 Kh8 23.Qa2 Rxa4 24.Qxa4 Rg8 25.Kh2 Qb8 26.Qa7 Qd8 27.Qb7 Qd6 28.Nf1 
Bg4 29.Ra8 Be2 30.Rxg8+ Kxg8 31.Nd2 f5 32.Qa8+ Kf7 33.Qa4 e5 34.Qc2 exd4 
35.Nb3 d3 36.Qc3 Bd1 37.Nd4 Bg4 38.Qd2 Qa3 39.Nc6 Qb3 40.Ne5+ Ke6 41.Nxg4 
hxg4 42.Qc1 Qc2 0-1

[Event "Bahamas National Chess Open 2011"]
[Site "Nassau BAH"]
[Date "2011.04.17"]
[Round "4"]
[White "Rollins, Seth"]
[Black "Major, Polina"]
[Result "0-1"]
[WhiteElo "1645"]
[BlackElo "1675"]
[EventDate "2011.04.15"]
[PlyCount "70"]

1.e4 g6 2.d4 Bg7 3.Nf3 d6 4.Bf4 Nf6 5.Nc3 O-O 6.Bc4 e6 7.e5 Nfd7 8.Bb3 d5 
9.O-O c5 10.Nb5 c4 11.Ba4 a6 12.Nd6 b5 13.Nxc8 Qxc8 14.Bxb5 axb5 15.Bg5 f6
16.exf6 Nxf6 17.Qe2 Ne4 18.Nd2 Nxg5 19.h4 Ne4 20.Nxe4 dxe4 21.Qxe4 Ra6 22.
Rad1 Qc6 23.Rfe1 Qxe4 24.Rxe4 Rxa2 25.Rxe6 Rxb2 26.Rd2 Bh6 27.Rde2 Bf4 28.
g3 Bc7 29.Kg2 b4 30.Rc6 Bd8 31.Rxc4 b3 32.Kf1 Rb1+ 33.Kg2 b2 34.Rb4 Ba5 
35.Rb5 Bc3 0-1

[Event "Bahamas National Chess Open 2011"]
[Site "Nassau BAH"]
[Date "2011.04.16"]
[Round "4"]
[White "Scott, Robert"]
[Black "Major, Polina"]
[Result "1-0"]
[WhiteElo "1400"]
[BlackElo "1675"]
[EventDate "2011.04.15"]
[PlyCount "40"]

1.c4 Nf6 2.g3 g6 3.Bg2 Bg7 4.Nc3 O-O 5.e4 d6 6.Nge2 e5 7.O-O c5 8.d3 Nc6 
9.a3 Be6 10.Nd5 Bxd5 11.cxd5 Nd4 12.Bd2 b6 13.Nxd4 cxd4 14.Rc1 Rc8 15.Qa4 
a5 16.b4 axb4 17.Bxb4 Bh6 18.Rxc8 Qxc8 19.Bxd6 Re8 20.Qc6 Qg4 1-0

[Event "Bahamas National Chess Open 2011"]
[Site "Nassau BAH"]
[Date "2011.04.17"]
[Round "4"]
[White "Shabazz, Daaim"]
[Black "Lyansky, Yan"]
[Result "0-1"]
[WhiteElo "2083"]
[BlackElo "1808"]
[EventDate "2011.04.15"]
[PlyCount "66"]

1.e4 e6 2.Nf3 d5 3.e5 c5 4.b4 cxb4 5.d4 Nc6 6.a3 bxa3 7.c3 f5 8.Nxa3 Nh6 
9.Bd3 Nf7 10.h4 Be7 11.Bd2 a6 12.Qb1 b5 13.Nc2 Na5 14.Nb4 Bb7 15.Bf4 Nc4 
16.Nc2 Rc8 17.Kf1 Qb6 18.Kg1 O-O 19.Nd2 a5 20.g3 b4 21.cxb4 axb4 22.Nb3 
Nd8 23.Bg5 Bxg5 24.hxg5 Nc6 25.Nc5 Nxd4 26.Nd7 Nf3+ 27.Kg2 Qc6 28.Nxf8 d4 
29.Kh3 Nxg5+ 30.Kh4 Nf3+ 31.Kh3 g5 32.g4 fxg4+ 33.Kxg4 Ncxe5+ 0-1